| 000 | 01524nam a2200217Ia 4500 | ||
|---|---|---|---|
| 999 |
_c9049 _d9049 |
||
| 005 | 20250608111147.0 | ||
| 008 | 230823s9999 xx 000 0 und d | ||
| 020 | _a9786071503084 | ||
| 040 |
_aUPAN _cBiblioteca San Vicente _eRCAA2 |
||
| 041 | _aspa | ||
| 082 |
_a658.403 4 _bH555i _c2010 |
||
| 100 |
_aHillier, Frederick _4aut. |
||
| 245 | 0 |
_aIntroducción a la investigación de operaciones./ _bFrederick S. Hillier |
|
| 250 | _a9ª ed. | ||
| 260 |
_aMexico: _bMcGraw Hill, _c2010 |
||
| 300 |
_a978 p.; _c27 cm. |
||
| 505 | _aCapitulo 1. Introducción Capitulo 2. Panorama del enfoque de modelado en investigación de operaciones Capitulo 3. Introducción a la programación lineal Capitulo 4. Solución de problemas de programación lineal: método simplex Capitulo 5. Teoría del método simplex Capitulo 6. Teoría de la dualidad y análisis de sensibilidad Capitulo 7. Otros algoritmos para programación lineal Capitulo 8. Problemas de transporte y asignación Capitulo 9. Modelos de optimización de redes Capitulo 10. Programación dinámica Capitulo 11. Programación entera Capitulo 12. Programación no lineal Capitulo 13. Metaheurística Capitulo 14. Teoría de juegos Capitulo 15. Análisis de decisiones Capitulo 16. Cadenas de Márkov Capitulo 17. Teoría de colas Capitulo 18. Teoría de inventarios Capitulo 19. Procesos de decisión markovianos Capitulo 20. Simulación | ||
| 650 |
_2LEMB _aOperaciones _xInvestigación |
||
| 700 |
_aGerald J. Lieberman _4col. |
||
| 942 |
_cBK _2ddc |
||